000 01370nam a2200373Ia 4500
001 ebr10546728
003 CaPaEBR
006 m u
007 cr cn|||||||||
008 111128s2012 enk s 001 0 eng d
010 _z 2011046422
020 _z9781409431190
020 _z9781409431206
040 _aCaPaEBR
_cCaPaEBR
035 _a(OCoLC)787852792
050 1 4 _aBP52
_b.G56 2012eb
082 0 4 _a305.6/97091821
_223
245 0 0 _aGlobal Islamophobia
_h[electronic resource] :
_bMuslims and moral panic in the West /
_c[edited] by George Morgan and Scott Poynting.
260 _aFarnham, Surrey ;
_aBurlington, Vt. :
_bAshgate Pub.,
_c2012.
300 _axiv, 241 p.
490 1 _aGlobal connections
500 _aIncludes index.
533 _aElectronic reproduction.
_bPalo Alto, Calif. :
_cebrary,
_d2013.
_nAvailable via World Wide Web.
_nAccess may be limited to ebrary affiliated libraries.
650 0 _aIslamophobia.
650 0 _aMoral panics.
650 0 _aIslam
_y21st century.
650 0 _aMuslims
_zNon-Muslim countries.
655 7 _aElectronic books.
_2local
700 1 _aMorgan, George.
700 1 _aPoynting, Scott.
710 2 _aebrary, Inc.
830 0 _aGlobal connections.
856 4 0 _uhttp://site.ebrary.com/lib/rucke/Doc?id=10546728
_zAn electronic book accessible through the World Wide Web; click to view
999 _c247687
_d247687